000 01698nam a2200229Ia 4500
001 b7239-53531
003 IT-MiCISF
008 161014s9999||||xx |||||||||||||| ||und||
040 _aIT-MiCISF
_cIT-MiCISF
041 _ait
100 _aBille Chiara
245 0 _aI nuovi adolescenti e la fuga nel virtuale
_bGentitori, educatori e insegnanti di fronte alle nuove tecnologie
250 _a1a ed.
260 _aBologna
_bDehoniane
_c2015
300 _app. 213
500 _a / adolescenza, nuovi-media, formazione-personalità, disadattamento, consulenza / I nuovi media, in particolare Internet e il cellulare, svolgono un ruolo importante nella vita dei giovani e aprono a un mondo di relazioni che offre opportunità di crescita senza precedenti. Un territorio affascinante, sconfinato e facilmente accessibile dove, tuttavia, possono trovare spazio anche contenuti e comportamenti potenzialmente dannosi. Se da un lato la rete dà spazio allo scambio, dall'altro rischia di divenire luogo della solitudine che relega in secondo piano la dimensione fisica, il dialogo verbale e non verbale, la trasmissione delle emozioni tipica dei veri rapporti interpersonali. Nascono al contempo nuovi fenomeni come il cyber bullismo, le molestie, oppure la diffusione di siti, blog e forum di persone accomunate dalla stessa ossessione per il cibo e colpite da anoressia o bulimia. Siamo di fronte a nuovi modi di apprendere: più per immagini che per concetti, più attenti al concreto che a ciò che sembra astratto, più per logiche binarie che razionali.
650 _aetà-evolutiva
700 _aTagliaferro Giovanni
700 _aVolante Marco
942 _cBK
957 _71
999 _a53531
_bsi
_g1
_c209722
_d209722